MDQL
is popping MORE tags! Check the
thread
!
Quizzes
Events
Quiz Creation
Community
Videos
Private Events
Remove Ads
Sign In
Join for FREE
Feedback
Dark Mode
Quiz Categories
Sports
Geography
Music
Movies
Television
Just For Fun
Miscellaneous
History
Literature
Language
Science
Gaming
Entertainment
Religion
Holiday
For Kids
Quiz Lab
Recent
Popular Today
Quiz Kudos Today
Editor Picks
Curator Picks
Quizzes by...
Day
Popularity
Type
Ratings
Length
Year
Community
Subscriptions
Recent Discussions
Orange Saloon
Badges
Playlists
Quests
Create
Leaderboards
Showdown
Live 5
Trivia Bingo
Activity
Puzzle Library
Sporcle Events
Private Events
Virtual Trivia
Globe League
Become a Host
Pub Owners
SporcleCon
Opinionation
Our Games
Videos
Blog
Mobile Apps
Partnerships
Remove Ads and Go Orange
Feedback
Sports
Athletes
MLB
NBA
NHL
NFL
Soccer
Sports Teams
WWE
NCAA
Football
Premier League
Basketball
Baseball
Hockey
Golf
Tennis
Cricket
Rugby
Auto Racing
Olympics
World Cup
Sports
Athletes
MLB
NBA
NHL
NFL
Soccer
Sports Teams
WWE
NCAA
Football
Premier League
Basketball
Baseball
Hockey
Golf
Tennis
Cricket
Rugby
Auto Racing
Olympics
World Cup
Random Quiz
Search Sporcle
×
Quiz Lab
Quiz Lab
Sports
Sports History
Type in answers that appear in a list
Type in answers that appear in a list
Classic
Best Score? Go Orange.
Big 4 Sports MVP's Stats
Can you name the Big 4 Sports MVP's of the last 10 years?
By
bctelliott2
8m
60 Questions
276 Plays
276 Plays
276 Plays
Comments
Comments
Give Quiz Kudos
Give Quiz Kudos
-
- Ratings
hide this ad
Replay
Link that replays current quiz
Next Quiz
Link to next quiz in quiz playlist
You Got
0%
They Got
Avg Score
83%
Avg Friend Score
Upgrade to see
Score Distribution
Jump to the score distribution portion of the page
Score
0/60
Timer
08:00
0
Plays Today
Sport/Team
Player
% Correct
NFL/
Colts
Peyton Manning
96.4%
NFL/
Colts
Peyton Manning
96.4%
NFL/
Colts
Peyton Manning
96.4%
NFL/
Colts
Peyton Manning
96.4%
NFL/
Patriots
Tom Brady
96%
NFL/
Patriots
Tom Brady
96%
NBA/
Lakers
Kobe Bryant
95.7%
NBA/
Caviliers
Lebron James
95.3%
NBA/
Caviliers
Lebron James
95.3%
NFL/
Packers
Aaron Rodgers
95.3%
NBA/
Suns
Steve Nash
94.9%
NBA/
Suns
Steve Nash
94.9%
NBA/
Bulls
Derrick Rose
94.6%
NBA/
Spurs
Tim Duncan
94.6%
NBA/
Spurs
Tim Duncan
94.6%
NBA/
Lakers
Shaquille O'Neal
94.2%
MLB-
NL/
Cardinals
Albert Pujols
93.8%
MLB-
NL/
Cardinals
Albert Pujols
93.8%
MLB-
NL/
Cardinals
Albert Pujols
93.8%
MLB-
NL/
Giants
Barry Bonds
93.8%
MLB-
NL/
Giants
Barry Bonds
93.8%
MLB-
NL/
Giants
Barry Bonds
93.8%
MLB-
NL/
Giants
Barry Bonds
93.8%
MLB-
AL/
Yankees
Alex Rodriguez
93.8%
MLB-
AL/
Yankees
Alex Rodriguez
93.8%
MLB-
AL/
Rangers
Alex Rodriguez
93.8%
NBA/
76ers
Allen Iverson
93.8%
NBA/
Timberwolves
Kevin Garnett
93.5%
NBA/
Mavericks
Dirk Nowitzki
93.1%
NFL/
Chargers
Ladainian Tomlinson
91.7%
Sport/Team
Player
% Correct
MLB-
NL/
Phillies
Ryan Howard
91.3%
MLB-
NL/
Brewers
Ryan Braun
90.9%
NHL/
Penguins
Sidney Crosby
89.5%
NHL/
Capitals
Alexander Ovechkin
89.1%
NHL/
Capitals
Alexander Ovechkin
89.1%
NFL/
Rams
Kurt Warner
88%
MLB-
NL/
Reds
Joey Votto
87%
MLB-
AL/
Rangers
Josh Hamilton
86.2%
MLB-
AL/
Twins
Joe Mauer
85.9%
MLB-
AL/
Tigers
Justin Verlander
85.5%
NFL/
Seahawks
Shaun Alexander
82.6%
MLB-
NL/
Phillies
Jimmy Rollins
81.5%
MLB-
AL/
Red Sox
Dustin Pedroia
81.5%
NFL/
Rams
Marshall Faulk
79.3%
NFL/
Titans
Steve McNair
78.6%
MLB-
AL/
Mariners
Ichiro Suzuki
78.3%
MLB-
AL/
Twins
Justin Morneau
76.4%
NFL/
Raiders
Rich Gannon
75%
MLB-
AL/
Athletics
Jason Giambi
70.7%
MLB-
NL/
Giants
Jeff Kent
68.1%
MLB-
AL/
Angels
Vladimir Guerrero
67.8%
MLB-
AL/
Athletics
Miguel Tejada
63.4%
NHL/
Canucks
Henrik Sedin
59.1%
NHL/
Sharks
Joe Thornton
57.2%
NHL/
Avalanche
Joe Sakic
54.3%
NHL/
Avalanche
Peter Forsberg
47.8%
NHL/
Lightning
Martin St. Louis
39.9%
NHL/
Ducks
Cory Perry
38.4%
NHL/
Blues
Chris Pronger
35.5%
NHL/
Canadiens
Jose Theodore
30.1%
Quiz Playlist
Details
Report
Send in Message
Add To Playlist
Classic:
Type in answers that appear in a list
Last Updated: Feb 16, 2017
Quiz Scoreboard
CHALLENGE
Sign Up to Join the Scoreboard
Show All
Scores
Hide
Comments
May contain spoilers
Recently Published
1-10 Letter E Words III
by El_Dandy
Language
2m
Street Fighter Characters
by Artimus82
Gaming
60s
College Basketball Coaching Resumes
by pancakes188
Sports
9m
More to Explore
Quiz From the Vault
Featured Blog Post
Where Did the Easter Bunny Come From?
hide this ad
You Might Also Like...
Tags
Sports History
Today's Top Quizzes in Sports
Browse Sports
hide this ad
Today's Top Quizzes in Sports History
Browse Sports History
Top Contributed Quizzes in Sports
1
2022 World Cup Stars
2
Les meilleurs buteurs des matchs entre le PSG et l’OM
3
FIFA Club World Cup Champions
4
Les entraîneurs de l'OM et du PSG au 21e siècle
5
Criteria MLB: Left Handed Sluggers
6
2023 MLB Unique Player Accomplishments
7
AFC Teams Reveal (Wrong Answers Minefield)
8
Players with Multiple 50 Home Run Seasons
9
5-to-1: FBS Animal Nicknames
10
5-to-1: UK Sports Teams
Explore More
Trending Topics
Harry Potter
NBA
Disney
Marvel
Kpop
Crossword
Anime
Song
Puzzle
Soccer
Pokémon
Country
The Office
WWE
NFL
hide this ad
More By:
bctelliott2
Quiz
Plays
Rating
Category
Featured
Created
Big 4 Sports MVP's
276
3.20
Sports
Jun 4, 2012
Little League World Series 2009
27
1.00
Sports
May 22, 2010
Go to Creator's Profile
Score Distribution
Quiz Creator Spotlight
bctelliott2
Follow
Send a Message
Quizzes Created
-
Created Quiz Play Count
-
More By This Creator
Popular Quizzes Today
1
Find the US States - No Outlines Minefield
2
Find the Countries of Europe - No Outlines Minefield
3
The Countries of the World
4
Find the US States
5
Risky Map Clicking: Biggest States A-Z
6
US States
7
Popular People in 1961
8
Movies - When Are They Set?
More Sports Quizzes
MLB Photo Minefield: Second Basemen
Quiz Lab
Trending Quizzes
Risky Map Clicking: Least Populous States A-Z
1-10 Letter G Words
1-10 Letter F Words
Countries of the World: 200 Million BC
Risky Map Clicking: Next State Alphabetically
Recently Updated
Beyoncé Albums
pecheneg
Leaping Animals
pecheneg
Reality TV Shows (A-Z)
bhenderson79
Rickey Henderson's Hall of Fame Teammates
pecheneg
Champions League XIs: Arsenal
pecheneg
Quick Pick: Celebrities in WWE's Hall of Fame
aduchscher
A-Z Keypad Blitz II
pecheneg
Multiple Oscar Actors
pecheneg
Mystery Phrase Blitz: Oscar 'Best Actors'
pecheneg
F. Scott Fitzgerald Novels
LTH
Trending Topics
Anime
Harry Potter
NBA
Kpop
Crossword
Disney
Marvel
The Office
Pokémon
Country
Puzzle
Soccer
Song
NFL
WWE
Your Account Isn't Verified!
In order to create a playlist on Sporcle, you need to verify the email address you used during registration. Go to your
Sporcle Settings
to finish the process.
Report this User
Report this user for behavior that violates our
Community Guidelines
.
Details:
Send Report
Go to the Sporcle.com Mobile Site →
Comments